000 00636nam a2200229Ia 4500
003 OSt
005 20220918220731.0
006 a|||||r|||| 00| 0
007 ta
008 220917b |||||||| |||| 00| 0 eng d
024 _a146,890
037 _cTextual
040 _aARTS
_cARTS
_beng
041 _2eng
_aeng
082 _aY1:321.7924, J5
100 _aStycos J Mayone
_9138171
245 0 _aFamily and fertility in Puerto Rico
_b A study of the lower income group
260 _aNA
_bNA
_c1955
650 _aSOCIOLOGY
942 _hY1:321.7924, J5
_cTEXL
_2CC
999 _c269646
_d269646